A critique of monetary policy (Record no. 21336)
[ view plain ]
| 000 -LEADER | |
|---|---|
| fixed length control field | 01363nam a2200337Ia 4500 |
| 100 1# - MAIN ENTRY--AUTHOR NAME | |
| Personal name | Dow, J. C. R. |
| 245 12 - TITLE STATEMENT | |
| Title | A critique of monetary policy |
| 260 ## - PUBLICATION, DISTRIBUTION, ETC. (IMPRINT) | |
| Place of publication | Oxford : |
| Name of publisher | Clarendon Press ; |
| Place of publication | New York : |
| Name of publisher | Oxford University Press, |
| Year of publication | 1988. |
| 300 ## - PHYSICAL DESCRIPTION | |
| Number of Pages | x, 259 p. : |
| Other physical details | ill. |
| 650 #0 - SUBJECT ADDED ENTRY--TOPICAL TERM | |
| Topical Term | Monetary policy |
| Topical Term | Interest rates |
| Topical Term | Monetary policy. |
| Topical Term | Interest rates. |
| 700 1# - ADDED ENTRY--PERSONAL NAME | |
| Personal name | Saville, I. D. |
| 856 40 - ELECTRONIC LOCATION AND ACCESS | |
| Uniform Resource Identifier | http://site.ebrary.com/lib/rucke/Doc?id=10274563 |
No items available.
